000 00534nam a2200193Ia 4500
001 5609
003 GE_BSU
008 181216s||||||||xx |||||||||||||| ||und||
040 _cGE_BSU
100 _aКордемский,Б.А. Н.В.Русалев.
245 _aУдивительный квадрат.
245 _cРед. И.Н. Броншеин
260 _aМоска
260 _bГостехиздат
260 _c1952
300 _a157 с. 20 см
653 _aУдивительный квадрат.
942 _cBK
999 _c39065
_d39065